Music Quiz

Random Music or Musical Quiz

Over the Rainbow Lyrics Quiz Stats

Quiz Updated Mar 13, 2013

Challenge
Share
Tweet
Embed
Score 0/99 Timer 06:00
2 Plays Today
% Correct
the
99.7%
the
99.7%
the
99.7%
the
99.7%
the
99.7%
the
99.7%
the
99.7%
the
99.7%
over
99.5%
over
99.5%
over
99.5%
over
99.5%
rainbow
99.5%
rainbow
99.5%
rainbow
99.5%
rainbow
99.5%
rainbow
99.5%
Somewhere
98.7%
Somewhere
98.7%
Somewhere
98.7%
a
97%
a
97%
a
97%
I?
96.7%
I?
96.7%
I
96.7%
up
90.2%
up
90.2%
high
88.9%
Away
88.8%
way
88.7%
that
86.2%
that
86.2%
% Correct
in
85.6%
blue
84.9%
There's
82.4%
of
82%
you
81.3%
dream
81.1%
Why
79.7%
why
79.7%
Why
79.7%
why
79.7%
lullaby
79%
And
78.8%
And
78.8%
where
78.6%
Where
78.6%
where
78.6%
once
78.3%
are
78.3%
are
78.3%
can't
78.2%
can't
78.2%
oh
77.6%
oh
77.6%
fly
77.2%
fly
77.2%
fly
77.2%
to
75.9%
me
74.9%
me
74.9%
skies
70.8%
Birds
70.5%
land
69.1%
do
68.6%
% Correct
come
67.9%
true
67.5%
heard
66.8%
dreams
65.2%
find
63.1%
wish
62.1%
Really
60.7%
you'll
60.6%
like
60.5%
upon
60.1%
star
59.8%
clouds
59.7%
drops
59.5%
lemon
58.8%
chimney
58.4%
above
58.4%
dare
58.4%
tops
58%
That's
58%
bluebirds
57.9%
bluebirds
57.4%
far
56.2%
behind
54.9%
If
54.7%
I'll
54.1%
then
53.4%
Someday
50.2%
melt
49.4%
wake
47.2%
troubles
45.3%
little
42.9%
happy
35.8%
beyond
32.7%

You're not logged in!

Compare scores with friends on all Sporcle quizzes.
Join for Free
OR
Log In

You Might Also Like...

Show Comments

Extras

Top Quizzes Today


Score Distribution

Your Account Isn't Verified!

In order to create a playlist on Sporcle, you need to verify the email address you used during registration. Go to your Sporcle Settings to finish the process.

Report this User

Report this user for behavior that violates our Community Guidelines.

Details: